Diccionario Jurídico (Record no. 4138)
[ view plain ]
| 000 -CABECERA | |
|---|---|
| campo de control de longitud fija | 00408nam a22001457a 4500 |
| 080 ## - NUMERO DE CLASIFICACION DECIMAL UNIVERSAL (CDU) | |
| Número de la Clasificación Decimal Universal | 34 (038) F 391 |
| 100 ## - ASIENTO PRINCIPAL--NOMBRE PERSONAL | |
| Nombre personal | Fernández de León, Gonzalo |
| 245 ## - MENCION DE TITULO | |
| Título propiamente dicho | Diccionario Jurídico |
| 250 ## - MENCION DE EDICION | |
| Mención de edición | 2º edición. notablemente ampliada |
| 260 ## - PUBLICACION, DISTRIBUCION, ETC. (PIE DE IMPRENTA) | |
| Lugar de publicación, distribución, etc. | Buenos Aires |
| Nombre del editor, distribuidor, etc. | Editorial Abece |
| Fecha de publicación, distribución, etc. | 30248 |
| 500 ## - NOTA GENERAL | |
| Nota general | La obra contiene cuatro tomos |
| 650 ## - ASIENTO SECUNDARIO DE MATERIA - TERMINO TEMATICO | |
| Subdivisión general | diccionario jurçidico |
| 945 ## - INFORMACION DE PROCESAMIENTO LOCAL | |
| Responsable de carga/modificación | Sabrina Cecilia Abram |
| AAAA-MM-DD - Fecha de ingreso/modificación | 2015-08-28 |
| 942 ## - ELEMENTOS AGREGADOS (KOHA) | |
| Clasificación normalizada de Koha para alfabetizar | _ |
| Retirado | Perdido | Dañado | No se presta | Ubicación permanente | Locación actual | Estante o sala | Fecha de adquisición | Total préstamos | Signatura topográfica | Inventario | Ultima fecha vista | Fecha del precio | Tipo de item de Koha | Ultima fecha prestado |
|---|---|---|---|---|---|---|---|---|---|---|---|---|---|---|
| Bib. Derecho | Bib. Derecho | Sala de Lectura | 28/08/2015 | 34 (038) F 391 | 30248 | 28/08/2015 | 28/08/2015 | LIBRO (Consulta) | ||||||
| Bib. Derecho | Bib. Derecho | Sala de Lectura | 28/08/2015 | 34 (038) F 391 | 30250 | 28/08/2015 | 28/08/2015 | LIBRO (Consulta) | ||||||
| Bib. Derecho | Bib. Derecho | Sala de Lectura | 28/08/2015 | 1 | 34 (038) F 391 | 30247 | 21/03/2019 | 28/08/2015 | LIBRO (Consulta) | 21/03/2019 | ||||
| Bib. Derecho | Bib. Derecho | Sala de Lectura | 28/08/2015 | 34 (038) F 391 | 30249 | 28/08/2015 | 28/08/2015 | LIBRO (Consulta) |
